1151 1535 1506 1975 1081 1887 1779 1795 1698 1761 1571 1734 1615 1082 1670 1375 1282 1371 1374 1906 1970 1316 1385 1655 1206 1165 1377 1829 1108 1040 1739 1600 1326 1810 1317 1156 1507 1033 1584 1976 1104 1568 1039 1473 1307 1926 1929 1067 1496 1955 1593 1099 1583 1993 1821 1957 1108 1407 1921 1295 1392 1275 1746 1576 1220 1055 1642 1913 1286 1392 1873 1033 1873 1129 1319 1021 1646 1031 1639 1633 1137 1673 1843 1003 1491 1236 1745 1345 1709 1411 1901 1739 1730 1937 1378 1228 1259 1295 1487 BCNSPRNW ULIB Ver.6.0+V

เปลี่ยนเป็นภาษาไทย

Change to English
 แสดงรายละเอียดบรรณานุกรม
  กลับหน้าหลัก

Brief Record : Get Marc (ISO 2709) : E-mail record : QR code < ปิดหน้าต่าง
LEADER : 00000nam 2200000uu 4500
001    13399129057
003     ULIB
008    020711s2566 th a 000 0 tha d
020    ^a9786166080797
060    ^aWA590^bอ653ส
100    ^aอารยา เชียงของ
245    สุขภาพคนเมือง :ทฤษฎี กลยุทธ์ในการส่งเสริมสุขภาพ และการป้องกันโรค ประเด็นปัญหาและมุมมองอนาคต/^cอารยา เชียงของ
250    ^aพิมพ์ครั้งที่ 1
260    ^aนนทบุรี :^bพี.เค.เค.พริ้นท์ติ้ง,^c2566
300    ^a210 หน้า
650    ^aการส่งเสริมสุขภาพ
945    ^p300^l0^i011728
945    ^p300^l0^i011729
945    ^p300^l0^i011730
999    ^aประนอม เกษจรัล
รายการนี้ยังไม่มีแท็ก
คุณยังไม่ได้ล็อกอิน คุณสามารถมีกิจกรรมร่วมกับเว็บไซต์ได้ แต่ต้องล็อกอินก่อน ::
  ล็อกอิน

รายการสื่อสารสนเทศ

ลำดับที่ ประเภท เลขเรียก/บาร์โค้ด สถานที่ สถานะ
1. วิทยาศาสตร์การแพทย์ และสุขภาพ
หนังสือสำรอง
สถานะ=หนังสือสำรอง
WA590 อ653ส ฉ.1 
  Barcode: 011728
ห้องสมุดวิทยาเขตสวรรค์ประชารักษ์
►หนังสือทั่วไป
บนชั้น
2. วิทยาศาสตร์การแพทย์ และสุขภาพ
วิทยาศาสตร์การแพทย์ และสุขภาพ
WA590 อ653ส ฉ.2 
  Barcode: 011729
ห้องสมุดวิทยาเขตสวรรค์ประชารักษ์
►หนังสือทั่วไป
บนชั้น
3. วิทยาศาสตร์การแพทย์ และสุขภาพ
วิทยาศาสตร์การแพทย์ และสุขภาพ
WA590 อ653ส ฉ.3 
  Barcode: 011730
ห้องสมุดวิทยาเขตสวรรค์ประชารักษ์
►หนังสือทั่วไป
บนชั้น

รายการใกล้เคียง
    ผู้แต่ง [อารยา เชียงของ]

    หัวเรื่อง [การส่งเสริมสุขภาพ]

BibComment


ยังไม่เคยถูกคอมเมนท์

คอมเมนท์ทรัพยากรรายการนี้
  คอมเมนท์: สุขภาพคนเมือง ทฤษ..


 Copyright 2026. Bcnsprnw @Library